00257nam a2200109Ia 4500008004100000100002000041245002300061260002400084650001500108942000700123999001700130190216s9999||||xx |||||||||||||| ||und|| aAchutha Menon C 0aSmaranayude Edugal bPrabhath Book House aSmaranakal cBK c26654d26654